000 01087nam a2200241Ia 4500
999 _c50808
_d50808
001 17761
003 GE_BSU
005 20250613103432.0
008 181216s2013||||ge |||||||||||||| ||geo||
020 _a9789941448157
040 _cGE_BSU
041 _ageo
080 _a634.6(076) ქ-60
100 _aქობალია, ვ.
_916986
245 _aსუბტროპიკულ მცენარეთა სელექცია
_b(ლაბორატორიულ-პრაქტიკული და დამოუკიდებელი მუშაობა) /
_cვ.ქობალია, რედ.ჯობავა, ტ.
264 _aქუთაისი :
_bაკაკი წერეთლის სახ. უნ-ტი,
_c2013
300 _a185გვ. :
_b ილ. ;
_c 21სმ.
504 _aბიბლ.გვ.182
653 _aსუბტროპიკულ მცენარეთა სელექცია
653 _aსოფლის მეურნეობა
700 _a.ჯობავა, ტ.
_925409
942 _cBK
_2udc